LEADER 01646nam1 2200373 450 001 990002745260203316 005 20060601121927.0 035 $a000274526 035 $aUSA01000274526 035 $a(ALEPH)000274526USA01 035 $a000274526 100 $a20060601d2002----km-y0itay50------ba 101 $aita 102 $aIT 105 $a||||||||001yy 200 1 $a<> delitti contro la pubblica amministrazione$fMario Romano 210 $aMilano$cA. Giuffrè$d2002- 215 $av.$d24 cm. 463 \1$1001990001123760203316$12001 $a<> <> delitti dei privati$ele qualifiche soggettive pubblicistiche$ecommentario sistematico 463 \1$1001990001163090203316$12001 $a<> delitti dei pubblici ufficiali$eArtt. 314-335-Bis cod. pen.$ecommentario sistematico 463 \1$1001990003261530203316$12001 $a<> delitti dei privati, Le qualifiche soggettive pubblicistiche$eArtt. 336-360$ecommentario sistematico 463 \1$1001990005855430203316$12001 $a<> delitti dei pubblici ufficiali$eArtt. 314-335-bis cod. pen.$ecommentario sistematico 463 \1$1001990006044800203316$12001 $a<> delitti dei privati; Le qualifiche soggettive pubblicistiche$eartt. 336-360 cod. pen.$ecommentario sistematico 606 0 $aDelitti contro la pubblica amministrazione 676 $a345.450232 700 1$aROMANO,$bMario$0115084 801 0$aIT$bsalbc$gISBD 912 $a990002745260203316 951 $a345.45 ROM/$bG.$c345.45 959 $aBK 969 $aGIU 979 $aRENATO$b90$c20060601$lUSA01$h1219 996 $aDelitti contro la pubblica amministrazione$9168808 997 $aUNISA LEADER 00996nam 2200325 450 001 990003652130203316 005 20120417112110.0 010 $a978-3-531-17199-9 035 $a000365213 035 $aUSA01000365213 035 $a(ALEPH)000365213USA01 035 $a000365213 100 $a20120417d2010----km-y0itay50------ba 101 $aeng 102 $aDE 105 $ay|||||||001yy 200 1 $aRegionalism im südlichen Afrika$eDie Handels- und Sicherheitspolitik der SADC$fJacqueline Jaspert 210 $aWiesbaden$cVS Verlag für Sozialwissenschaften$d2010 215 $a411 p.$d21 cm 606 0 $aRegionalismo$yAfrica meridionale$2BNCF 676 $a337.16$v22 700 1$aJASPER,$bJacqueline$0612114 801 0$aIT$bsalbc$gISBD 912 $a990003652130203316 951 $a337.16 JAS 1$b73770 G.$c337.16$d00309611 959 $aBK 969 $aGIU 979 $aCHIARA$b90$c20120417$lUSA01$h1121 996 $aRegionalism im südlichen Afrika$91140092 997 $aUNISA LEADER 00975nam2-2200349---450 001 990005580350203316 005 20200423191502.0 035 $a000558035 035 $aUSA01000558035 035 $a(ALEPH)000558035USA01 035 $a000558035 100 $a19981214d1973----|||y0itaa50------ba 101 $aita 102 $ait 105 $a0 00||| 200 1 $a<<1 : La >> Grecia prima di Socrate 210 $a[Padova]$cLa Garangola$d1973 215 $aXII, 228 p.$d21 cm 461 0$1001000558034$12001$aStoria della filosofia e della civiltà$v1 606 $aFilosofia$xStoria$2F 620 $dPADOVA 676 $a109 801 0$aIT$bSA$c20111219 912 $a990005580350203316 950 0$aDipar.to di Filosofia - Salerno$dDFDD 109 GUZ$e401 FIL 951 $aDD 109 GUZ$b401 FIL 959 $aBK 969 $aFIL 979 $c20121027$lUSA01$h1525 979 $c20121027$lUSA01$h1614 996 $aGrecia prima di Socrate$91131849 997 $aUNISA